[Event "Passover! Holiday of Liberty!"]
[Site "SchemingMind.com"]
[Date "2008.04.24"]
[Round "-"]
[White "Francisco Aquino"]
[Black "Philip"]
[Result "1-0"]
[WhiteCountry "BRA"]
[BlackCountry "INT"]
[WhiteElo "1738"]
[WhiteRD "72"]
[BlackElo "1532"]
[BlackRD "63"]
[GameID "152042"]

1. e4 e5 2. Nf3 Nc6 3. Bb5 a6 4. Ba4 Bc5 5. O-O Nge7 6. Nc3 O-O 7. d3 Ng6 8. Bg5 f6 9. Bd2 Kh8 10. Ne2 Nce7
11. Ng3 b5 12. Bb3 c6 13. c3 a5 14. d4 exd4 15. cxd4 Bb6 16. Be3 a4 17. Bc2 d5 18. exd5 Nxd5 19. Bxg6 Nxe3 20. fxe3 hxg6
21. Rc1 Bb7 22. Nh4 Kh7 23. Qg4 g5 24. Qh5+ Kg8 25. Ng6 Re8 26. Nf5 Rxe3 27. Qh8+ Kf7 28. Qxg7+ Ke6 29. Qxb7 Bxd4 30. Rxc6+ Kd5
31. Qxb5+ Ke4 32. Re6+ Be5 33. Qc4+ Qd4 34. Qxd4#
1-0

[Event "Passover! Holiday of Liberty!"]
[Site "SchemingMind.com"]
[Date "2008.04.26"]
[Round "-"]
[White "Francisco Aquino"]
[Black "Orhany24"]
[Result "1/2-1/2"]
[WhiteCountry "BRA"]
[BlackCountry "TUR"]
[WhiteElo "1738"]
[WhiteRD "72"]
[BlackElo "1765"]
[BlackRD "67"]
[GameID "152043"]

1. e4 e5 2. Nf3 Nc6 3. Bb5 d6 4. O-O Bd7 5. Nc3 a6 6. Ba4 b5 7. Bb3 h6 8. d4 exd4 9. Nxd4 Nxd4 10. Qxd4 c5
11. Qd5 Be6 12. Qc6+ Bd7 13. Qd5=
1/2-1/2

[Event "Passover! Holiday of Liberty!"]
[Site "SchemingMind.com"]
[Date "2008.04.29"]
[Round "-"]
[White "Francisco Aquino"]
[Black "calidore"]
[Result "0-1"]
[WhiteCountry "BRA"]
[BlackCountry "ISR"]
[WhiteElo "1738"]
[WhiteRD "72"]
[BlackElo "2039"]
[BlackRD "62"]
[GameID "152044"]

1. e4 Nf6 2. Nc3 d5 3. e5 d4 4. Nb5 Ng4 5. Nf3 Nc6 6. Qe2 a6 7. Na3 Qd5 8. Nc4 b5 9. Na3 Ngxe5 10. Nxe5 Qxe5
11. Qxe5 Nxe5 12. Be2 e6 13. O-O Bb7 14. d3 Bd6 15. Bd2 O-O 16. Rfe1 Ng6 17. Bh5 Nf4 18. Bxf4 Bxf4 19. c3 dxc3 20. bxc3 Bd2
21. Re2 Bxc3 22. Rc1 Ba5 23. Nc2 Bb6 24. Ne3 Rad8 25. Rd2 Rd7 26. Be2 Rfd8 27. Ng4 f6 28. h3 Be4 29. Rcd1 Ba5 30. Rc2 Bxd3
31. Bxd3 Rxd3 32. Rxd3 Rxd3
0-1

[Event "Passover! Holiday of Liberty!"]
[Site "SchemingMind.com"]
[Date "2008.04.25"]
[Round "-"]
[White "Francisco Aquino"]
[Black "kwabena"]
[Result "1-0"]
[WhiteCountry "BRA"]
[BlackCountry "ENG"]
[WhiteElo "1738"]
[WhiteRD "72"]
[BlackElo "1572"]
[BlackRD "77"]
[GameID "152045"]

1. e4 d5 2. exd5 Qxd5 3. Nc3 Qd8 4. Nf3 Nf6 5. Bb5+ c6 6. Bc4 Bf5 7. O-O e6 8. d4 Be7 9. Re1 O-O 10. Bd3 Bxd3
11. Qxd3 a6 12. Ng5 h6 13. Nge4 Nxe4 14. Nxe4 Qb6 15. Rb1 Nd7 16. Be3 Qc7 17. Qd2 Rfd8 18. Bf4 Qb6 19. c3 Nf6 20. Qd3 Nxe4
21. Rxe4 Bf6 22. Qg3 Rac8 23. Bxh6 c5 24. Rg4 g6 25. Rxg6+ Kh8 26. Rxf6 Rg8 27. Qe5 Kh7 28. Rxf7+
1-0

[Event "Passover! Holiday of Liberty!"]
[Site "SchemingMind.com"]
[Date "2008.04.25"]
[Round "-"]
[White "Francisco Aquino"]
[Black "smothered mate"]
[Result "0-1"]
[WhiteCountry "BRA"]
[BlackCountry "POL"]
[WhiteElo "1692"]
[WhiteRD "67"]
[BlackElo "1927"]
[BlackRD "49"]
[GameID "152046"]

1. e4 c5 2. Nf3 d6 3. Bb5+ Bd7 4. Bxd7+ Nxd7 5. O-O g6 6. Nc3 Bg7 7. d4 cxd4 8. Nxd4 Ngf6 9. Bg5 O-O 10. Re1 h6
11. Bh4 Nh7 12. Nd5 g5 13. Bg3 Ne5 14. c3 e6 15. Ne3 Nf6 16. Bxe5 dxe5 17. Nf3 Nxe4 18. Qxd8 Raxd8 19. Nc4 Nc5 20. Nfxe5 b5
21. Na3 a6 22. Nc6 Rd2 23. Rab1 Nd3 24. Rf1 Nxb2 25. Nb4 Bxc3 26. Nxa6 b4 27. Nb5 Ra8 28. Nbc7 Ra7 29. g3 Rd7 30. f4 Raxc7
31. Nxc7 Rxc7 32. fxg5 hxg5 33. Kg2 Ra7 34. Rf3 Rxa2 35. Rf2 b3 36. Rbf1 Nd3
0-1

[Event "Passover! Holiday of Liberty!"]
[Site "SchemingMind.com"]
[Date "2008.04.25"]
[Round "-"]
[White "Francisco Aquino"]
[Black "Kotelnik"]
[Result "0-1"]
[WhiteCountry "BRA"]
[BlackCountry "CZE"]
[WhiteElo "1692"]
[WhiteRD "67"]
[BlackElo "2125"]
[BlackRD "94"]
[GameID "152047"]

1. e4 c5 2. Nf3 Nc6 3. Bc4 Nf6 4. e5 d5 5. exf6 dxc4 6. fxe7 Qxe7+ 7. Qe2 Bf5 8. Qxe7+ Bxe7 9. Na3 O-O 10. O-O Rad8
11. Re1 Bf6 12. Nxc4 Nb4 13. Na3 Nxc2 14. Nxc2 Bxc2 15. a4 c4 16. Ra3 Rfe8 17. Rxe8+ Rxe8 18. h3 Bd3 19. b3 Be2 20. bxc4 Bxf3
21. gxf3 Re1+ 22. Kg2 Rxc1 23. d3 Rb1 24. f4 Bd4
0-1

[Event "Passover! Holiday of Liberty!"]
[Site "SchemingMind.com"]
[Date "2008.04.25"]
[Round "-"]
[White "Philip"]
[Black "Francisco Aquino"]
[Result "0-1"]
[WhiteCountry "INT"]
[BlackCountry "BRA"]
[WhiteElo "1532"]
[WhiteRD "63"]
[BlackElo "1738"]
[BlackRD "72"]
[GameID "152048"]

1. Nf3 Nf6 2. d3 Nc6 3. e4 e5 4. Be2 Be7 5. Nbd2 O-O 6. O-O d5 7. Nb3 dxe4 8. dxe4 Nxe4 9. Qe1 Bf5 10. Bd3 Qd5
11. a3 Nd6 12. Bxf5 Nxf5 13. Qe2 Bd6 14. Nfd2 Nh4 15. Ne4 Rfe8 16. c4 Qe6 17. Nxd6 cxd6 18. Be3 Qg6 19. f3 Nd4 20. Nxd4 exd4
0-1

[Event "Passover! Holiday of Liberty!"]
[Site "SchemingMind.com"]
[Date "2008.04.28"]
[Round "-"]
[White "Orhany24"]
[Black "Francisco Aquino"]
[Result "1/2-1/2"]
[WhiteCountry "TUR"]
[BlackCountry "BRA"]
[WhiteElo "1777"]
[WhiteRD "70"]
[BlackElo "1681"]
[BlackRD "68"]
[GameID "152049"]

1. e4 e5 2. Nf3 Nc6 3. Bc4 Nf6 4. O-O Be7 5. Re1 O-O 6. c3 d5 7. exd5 Nxd5 8. d4 exd4 9. cxd4 Bg4 10. Nc3 Nxc3
11. bxc3 a6 12. a4 Bd6 13. Be2 Re8 14. Be3 Qf6 15. Bg5 Qg6 16. Qd2 Bxf3 17. Bxf3 h6 18. Be3 Na5 19. Bd5 Qh5 20. Ba2 Qxh2+
21. Kf1 Qh1+ 22. Ke2 Qh5+ 23. Kf1 Re4 24. g3 Rae8 25. Kg2 Nc6 26. Rh1 Qg4 27. Rh4 Qd7 28. Rah1 Rxh4 29. Rxh4 Qf5 30. Bb3 Nd8
31. c4 c5 32. Bc2 Qc8 33. d5 f6 34. Qd3 Nf7 35. Qh7+ Kf8 36. Bf5 Qc7 37. Be6 b6 38. Rg4 Ng5 39. Bxg5 fxg5 40. Re4 Be5
41. Qf5+ Ke7 42. Qxe5 Qxe5 43. Rxe5 Kd6 44. Re3 b5 45. axb5 axb5 46. cxb5 Rb8 47. Rb3 c4 48. Rc3 Kc5 49. Kf3 Kd4 50. Ra3 c3
51. d6 c2=
1/2-1/2

[Event "Passover! Holiday of Liberty!"]
[Site "SchemingMind.com"]
[Date "2008.04.29"]
[Round "-"]
[White "calidore"]
[Black "Francisco Aquino"]
[Result "1-0"]
[WhiteCountry "ISR"]
[BlackCountry "BRA"]
[WhiteElo "2039"]
[WhiteRD "62"]
[BlackElo "1738"]
[BlackRD "72"]
[GameID "152050"]

1. e4 e5 2. Nf3 Nc6 3. Bc4 Nf6 4. d4 exd4 5. O-O Bc5 6. e5 Ng4 7. Bf4 d5 8. exd6 cxd6 9. Re1+ Kf8 10. h3 Nf6
11. Nbd2 a6 12. Bg5 b5 13. Bd5 Bb7 14. Ne4 Rb8 15. Nxf6 gxf6 16. Bh6+ Kg8 17. Bxc6 Bxc6 18. Nxd4 Bd7 19. Nc6 Bxf2+ 20. Kh1 Bxe1
21. Nxd8 Rxd8 22. Qxe1 Bf5 23. Qe7
1-0

[Event "Passover! Holiday of Liberty!"]
[Site "SchemingMind.com"]
[Date "2008.04.25"]
[Round "-"]
[White "kwabena"]
[Black "Francisco Aquino"]
[Result "1-0"]
[WhiteCountry "ENG"]
[BlackCountry "BRA"]
[WhiteElo "1572"]
[WhiteRD "77"]
[BlackElo "1738"]
[BlackRD "72"]
[GameID "152051"]

1. d4 d5 2. Bf4 Nf6 3. h3 Bf5 4. e3 Nc6 5. a3 e6 6. Nf3 Bd6 7. Bxd6 Qxd6 8. c4 dxc4 9. Bxc4 O-O-O 10. Nc3 Na5
11. Ba2 Qa6 12. Ne5 Rhf8 13. Rc1 Ne4 14. Na4 f6 15. Nd3 Ng5 16. Nf4 e5 17. Nd5 exd4 18. Nxc7 Qd3 19. Qxd3 Bxd3 20. Ne6+ Kb8
21. Nxf8 Rxf8 22. Rd1 Be4 23. O-O dxe3 24. fxe3 Bc2 25. Rd4 Nc6 26. Rdf4 Bd3 27. Rc1 Ne5 28. Nc5 Bb5 29. Rd1 Bc6 30. Bd5 Bxd5
31. Rxd5 b6 32. Rxe5 bxc5 33. Rxg5
1-0

[Event "Passover! Holiday of Liberty!"]
[Site "SchemingMind.com"]
[Date "2008.04.25"]
[Round "-"]
[White "smothered mate"]
[Black "Francisco Aquino"]
[Result "1-0"]
[WhiteCountry "POL"]
[BlackCountry "BRA"]
[WhiteElo "1913"]
[WhiteRD "52"]
[BlackElo "1738"]
[BlackRD "72"]
[GameID "152052"]

1. e4 e5 2. Nf3 Nc6 3. Nc3 Nf6 4. Nxe5 Nxe5 5. d4 Ng6 6. e5 Ng8 7. Bc4 Bb4 8. Qf3 Bxc3+ 9. bxc3 Qe7 10. O-O Nh6
11. g3 O-O 12. Qh5 c6 13. Bxh6 gxh6 14. f4 d5 15. f5 dxc4 16. f6 Nxe5 17. Qxh6 Qxf6 18. Rxf6 Ng4 19. Qg5+ Kh8 20. Qc5 Be6
21. Rf4 Rfd8 22. Re1 Rd5 23. Qa3 Rh5 24. Rxe6 fxe6 25. Rxg4 Rf5 26. Qe7 Raf8 27. Qg7#
1-0

[Event "Passover! Holiday of Liberty!"]
[Site "SchemingMind.com"]
[Date "2008.04.25"]
[Round "-"]
[White "Kotelnik"]
[Black "Francisco Aquino"]
[Result "1-0"]
[WhiteCountry "CZE"]
[BlackCountry "BRA"]
[WhiteElo "2125"]
[WhiteRD "94"]
[BlackElo "1692"]
[BlackRD "67"]
[GameID "152053"]

1. e4 e5 2. Nf3 Nc6 3. Nc3 Nf6 4. Bc4 Bc5 5. O-O O-O 6. d3 Ng4 7. a3 Bxf2+ 8. Rxf2 Nxf2 9. Kxf2 d6 10. Bg5 Qd7
11. Kg1 Ne7 12. d4 exd4 13. Qxd4 Nc6 14. Qf2 a6 15. Rf1 b5 16. Bd5 Rb8 17. Qh4 Bb7 18. Bh6 Ne7 19. Ng5 Ng6 20. Qh5 Bxd5
21. Bxg7
1-0